Music Quiz

Random Music or Artist Quiz

Top-100 Hits (1985) Quiz Stats

 Plays Quiz Updated Feb 18, 2020

Support Sporcle.
Go Orange.
Score 0/100 Timer 08:00
0 Plays Today
Rank Artist % Correct
2Madonna
83.1%
9Madonna
83.1%
58Madonna
83.1%
81Madonna
83.1%
98Madonna
83.1%
90Jermaine Jackson
78.7%
51Prince
52.3%
23Whitney Houston
51.3%
47Whitney Houston
51.3%
67Bruce Springsteen
50.5%
82Bruce Springsteen
50.5%
92Bruce Springsteen
50.5%
35Duran Duran
49.9%
36Duran Duran
49.9%
1Wham!
48.6%
3Wham!
48.6%
25Wham!
48.6%
76Wham!
48.6%
12Phil Collins and Phillip Bailey
48.1%
33Phil Collins
48.1%
45Phil Collins
48.1%
50Phil Collins
48.1%
64Phil Collins
48.1%
65Cyndi Lauper
44.2%
72Paul McCartney
39.8%
96Lionel Richie
37.1%
15Huey Lewis and the News
36.9%
22Stevie Wonder
34.6%
55Sting
31.7%
95Sting
31.7%
6Hall and Oates
30.5%
83Hall and Oates
30.5%
57Tina Turner
30.3%
59Tina Turner
30.3%
Rank Artist % Correct
93Tina Turner
30.3%
10A-Ha
28.4%
7Tears for Fears
27.1%
21Tears for Fears
27.1%
60Tears for Fears
27.1%
4Foreigner
26.7%
24Bryan Adams
26.4%
66Bryan Adams
26.4%
74Bryan Adams
26.4%
41Howard Jones
26.3%
37Chicago
24.3%
49Diana Ross
23.8%
8Dire Straits
23.1%
87Heart
21.9%
43Aretha Franklin
21.2%
94Aretha Franklin
21.2%
13REO Speedwagon
20.9%
77Julian Lennon
20.7%
78Julian Lennon
20.7%
70Eurythmics
20.2%
39Pat Benatar
19.2%
11Paul Young
18.8%
28Billy Ocean
18.6%
52Billy Ocean
18.6%
86John Cougar Mellencamp
18.6%
53Don Henley
18.3%
97Don Henley
18.3%
16Simple Minds
18%
14Starship
16.2%
84Thompson Twins
15.3%
19Glenn Frey
14.9%
30Glenn Frey
14.9%
46Sheena Easton
14.6%
100Sheena Easton
14.6%
Rank Artist % Correct
20USA for Africa
14.5%
38Pointer Sisters
13.9%
17Kool and the Gang
13.7%
69Kool and the Gang
13.7%
89Kool and the Gang
13.7%
40Commodores
13.2%
48Survivor
13.1%
73Survivor
13.1%
26New Edition
11.5%
44Corey Hart
10.8%
71ABC
10.8%
5Chaka Khan
10.8%
62Sade
10.2%
32DeBarge
9.5%
85DeBarge
9.5%
88David Lee Roth
9%
27Jan Hammer
8.8%
34Honeydrippers
8.7%
18John Parr
8.3%
99Night Ranger
8.1%
79Power Station
7.2%
75Katrina and the Waves
7.1%
68'Til Tuesday
6.2%
91The Time
6.1%
31Ready for the World
5.9%
29Teena Marie
5.8%
61Harold Faltermeyer
5.8%
54Murray Head
5.3%
56Animotion
5.3%
42Jack Wagner
5.2%
63Mary Jane Girls
4.8%
80Ashford and Simpson
4.7%

You're not logged in!

Compare scores with friends on all Sporcle quizzes.
OR
Log In

From the Vault

Trivia Grid Blitz - Numbers

by goc3

How much number trivia can there really be?
Remove Ads.
Support Sporcle.
Get the best of Sporcle when you Go Orange. This ad-free experience offers more features, more stats, and more fun while also helping to support Sporcle. Thank you for becoming a member.

Show Comments

Extras

Top Quizzes Today


Score Distribution

Your Account Isn't Verified!

In order to create a playlist on Sporcle, you need to verify the email address you used during registration. Go to your Sporcle Settings to finish the process.

Report this User

Report this user for behavior that violates our Community Guidelines.

Details: